000 01132nam0a22002651 4500
001 rc\3474710
005 20260407045217.0
021 _aRU
_b[69-34704]
035 _a(NLR Aleph) 007641755
090 _a6133391
_c6133391
100 _a20130115d1969 |||y0rusy50 ca
101 0 _arus
102 _aRU
105 _aa z |||||
200 1 _aНаставление нивелировщику при изысканиях автомобильных дорог
_f[М-во автомоб. транспорта и шос. дорог РСФСР]. М-во трансп. строительства СССР. Главтранспроект. Гос. проектный ин-т "Союздорпроект"
210 _aМосква
_cБ. и.
_d1969
215 _a63 с.
_cчерт.
_d20
606 _aНивелирование
_2psbo
606 _aАвтомобильные дороги
_xИзыскания
_2psbo
712 0 2 _a"Союздорпроект", институт
_cМосква
_3RU\NLR\AUTH\8810018053
_9533958
801 0 _aRU
_bNLR
_gpsbo
801 1 _aRU
_bELAR
_2rusmarc
852 _aNLR
_j69-4/10277
942 _cBOOK
980 _aNB